Estudios sobre político indigenista española en América
Wedi'i Gadw mewn:
| Awdur Corfforaethol: | |
|---|---|
| Fformat: | Llyfr |
| Iaith: | Sbaeneg |
| Cyhoeddwyd: |
Valladolid
Universidad de Valladolid
1975
|
| Pynciau: | |
| Tagiau: |
Ychwanegu Tag
Dim Tagiau, Byddwch y cyntaf i dagio'r cofnod hwn!
|
MARC
| LEADER | 00000nam a2200000 a 4500 | ||
|---|---|---|---|
| 001 | UCS7866 | ||
| 003 | CL-VaPUC | ||
| 005 | 20250225120813.0 | ||
| 008 | 971024e19750000sp 1 spa d | ||
| 082 | 0 | 4 | |a 980.004 |b UNI |2 21 |
| 110 | 2 | |a Universidad de Valladolid |e author |9 618583 | |
| 245 | 1 | 0 | |a Estudios sobre político indigenista española en América |
| 260 | |a Valladolid |b Universidad de Valladolid |c 1975 | ||
| 300 | |a 3 v | ||
| 583 | |a last modification |c 19971024 00:00:00 |k Rodrigo Vera | ||
| 650 | 0 | 0 | |a Indígenas |9 317064 |
| 650 | 0 | 0 | |a Civilización |9 255823 |
| 650 | 0 | 7 | |a CONDICION JURIDICA |2 CL-VaPUC |9 388680 |
| 650 | 0 | 0 | |a Condiciones de vida |9 337437 |
| 650 | 0 | 0 | |a Encomiendas |9 258557 |
| 650 | 0 | 7 | |a PROPIEDAD INDIGENA |2 CL-VaPUC |9 509961 |
| 650 | 0 | 0 | |a Mestizaje |9 314827 |
| 650 | 0 | 7 | |a EVANGELIZACION |2 CL-VaPUC |9 618584 |
| 651 | 0 | |a América Latina |9 255027 | |
| 942 | |c BK | ||
| 945 | |a aolguin |d 19971024 00:00:00 | ||
| 546 | |a En Español | ||
| 518 | |p Simposio Conmemorativo del V Centenario del Padre las Casas, Valladolid, 1974 | ||
| 518 | |p Jornadas Americanistas de la Universidad de Valladolid, Valladolid, 1974 | ||
| 999 | |c 383029 |d 383027 | ||
| 952 | |0 0 |1 0 |4 0 |6 980_004000000000000_UNI_1975 |7 0 |8 DER_HDC |9 505013 |a BIBDER |b BIBDER |d 2020-01-23 |h v.1 |i 1889168 |o 980.004 UNI 1975 |p 1889168 |r 2023-01-25 |w 2020-01-23 |x Ubicación 4to Piso |y BK |z Estos recursos deben solicitarse con anticipación |k DER | ||
| 952 | |0 0 |1 0 |4 0 |6 980_004000000000000_UNI_1975 |7 0 |8 DER_HDC |9 505014 |a BIBDER |b BIBDER |d 2020-01-23 |h v.2 |i 1889117 |o 980.004 UNI 1975 |p 1889117 |r 2023-01-25 |w 2020-01-23 |x Ubicación 4to Piso |y BK |z Estos recursos deben solicitarse con anticipación |k DER | ||
| 952 | |0 0 |1 0 |4 0 |6 980_004000000000000_UNI_1975 |7 0 |8 DER_HDC |9 505015 |a BIBDER |b BIBDER |d 2020-01-23 |h v.3 |i 188915K |o 980.004 UNI 1975 |p 188915K |r 2023-01-25 |w 2020-01-23 |x Ubicación 4to Piso |y BK |z Estos recursos deben solicitarse con anticipación |k DER | ||